00394nam a22001337a 4500008004100000082001500041100000800056245009400064260005200158300000900210440001400219942001200233999001500245230621b xxu||||| |||| 00| 0 eng d a328.4bSOC cSOC aThe Table bThe Journal of the Society of Clerks-at-the-table in Commonwealth Parliaments aLondonbAndrew Makower and Philippa Helmec1995 a180p vvolume 66 2ddccBK c2182d2182